| 000 | 02625nam0a2200433 4500 | ||
|---|---|---|---|
| 001 | RU\NLR\BIBL_A\011699890 | ||
| 005 | 20250630160102.0 | ||
| 020 |
_aRU _b14937б _9Сводный каталог листовок первых лет Советской власти (25 октября (7 ноября) 1917 - 1925) Т.5. Листовки советских, партийных, профсоюзных, комсомольских и других организаций Уральской области, автономных областей и республик РСФСР. Ч.2 |
||
| 035 | _a(NLR Aleph) 011699890 | ||
| 090 |
_a11383623 _c11383623 |
||
| 100 | _a20180515d1921 |||y0rusy50 ca | ||
| 101 | 0 | _arus | |
| 102 | _aRU | ||
| 105 | _ay z 000zy | ||
| 135 | _acrcn 024apada | ||
| 200 | 1 |
_aУказания по сбору и сушке лекарственных растений на Урале и в Приуралье. (Сезон 1921 г.) _eобщие правила сбора и сушки _e[листовка] |
|
| 210 |
_aЕкатеринбург _cГос. изд. _cУральское обл. отд-ние: 1-я гос. тип. _d[1921] |
||
| 215 |
_a2 с. _d33х20 |
||
| 300 | _aПодпись: Областное отделение по сбору лекарственных растений при Уральском промышленном бюро ВСНХ | ||
| 300 | _aЛистовка № 4 | ||
| 325 | 1 | _aКопия доступна в Электронной библиотеке РНБ | |
| 517 | 1 | _aобщие правила сбора и сушки | |
| 607 |
_aРСФСР _jЛистовки _xПолитика и управление _y1917 - 1925 _92312782 _3RU\NLR\auth\6601609564 |
||
| 607 |
_aЕкатеринбургская губерния _jЛистовки _xПолитика и управление _92471147 _3RU\NLR\AUTH\6601684649 |
||
| 686 | 0 | _aТ3(2)71-313,011 | |
| 686 | 0 | _aТ3(2Р-7Е)713-313,011 | |
| 711 | 0 | 2 |
_aУральское областное отделение по сбору лекарственных растений _9623474 _3RU\NLR\AUTH\880481435 |
| 852 | 0 | 0 |
_aNLR _bФЛ _j28/37 |
| 856 | 0 | _uhttps://vivaldi.nlr.ru/ll000078732/view | |
| 856 | 1 | _uhttps://vivaldi.nlr.ru/ll000078732/cover | |
| 856 | 2 | _uhttps://vivaldi.nlr.ru/ll000078732/text | |
| 942 | _cBOOK | ||
| 980 | _aNB | ||
| 981 | 2 | 1 |
_a(21) Листовки _b(21) Листовки 1921 года |